| 000 | 00533nam a2200193 a 4500 | ||
|---|---|---|---|
| 005 | 20240913063855.0 | ||
| 008 | 020617s1994 mx r 000 0 spa d | ||
| 020 | _a9505572131 | ||
| 035 | _aUPN01000117865 | ||
| 049 | _aCG | ||
| 050 | 4 |
_aJC423 _bT6.68 |
|
| 100 | 1 |
_aTouraine, Alain, _d1925- |
|
| 245 | 1 | 1 |
_a¿Qué es la democracia? / _cAlain Touraine ; tr. Horacio Pons. |
| 260 |
_aBuenos Aires : _bFCE, _c1994. |
||
| 300 | _a309 p. | ||
| 440 | 0 | _aSección de obras de sociología | |
| 650 | 4 |
_aDemocracia _96020 |
|
| 905 | _aLibro | ||
| 999 |
_c90285 _d90285 |
||